000 00364 a2200169 4500
001 73009
020 _a8508081707
040 _cAnchieta - Colégio São Paulo
100 _aRigolin, Tércio Barbosa
240 1 0 _aGeografia
_lpor
245 1 0 _aGeografia
300 _a464
362 0 _a2002
440 1 _aÁtica
650 4 _aGeografia e viagens
942 _cBK
999 _c73009
_d73009